|
|
|
|
| LEADER |
01322nam a2200253 u 4500 |
| 001 |
10116709 |
| 003 |
GR-PaULI |
| 005 |
20240529111049.0 |
| 008 |
150629s1994 uk eng |
| 020 |
|
|
|a 0198158599
|
| 040 |
|
|
|a GR-PaULI
|c GR-PaULI
|b gre
|e AACR2
|
| 082 |
0 |
4 |
|a 889.09
|2 23
|
| 100 |
1 |
|
|a Beaton, Roderick,
|d 1951-
|4
|9 132573
|e συγγραφέας.
|
| 245 |
1 |
3 |
|a An introduction to modern Greek literature /
|c Roderick Beaton.
|
| 260 |
|
|
|a Oxford :
|b Clarendon Press,
|c 1994.
|
| 300 |
|
|
|a xiii, 426 σ. ;
|b χάρτες,
|c 22 εκ.
|
| 504 |
|
|
|a Περιλαμβάνει βιβλιογραφικές παραπομπές και ευρετήριο.
|
| 650 |
|
4 |
|a Νεοελληνική λογοτεχνία
|x Ιστορία και κριτική
|y 19ος αιώνας.
|9 169525
|
| 650 |
|
4 |
|9 156735
|a Νεοελληνική λογοτεχνία
|x Ιστορία και κριτική
|y 20ός αιώνας.
|
| 942 |
|
|
|2 ddc
|c BK15
|
| 952 |
|
|
|0 0
|1 0
|4 0
|6 889_090000000000000_BEA
|7 0
|9 180806
|a THST
|b THST
|d 2016-04-24
|i 009318
|l 0
|o 889.09 BEA
|p 025000012448
|r 2016-04-24 00:00:00
|t 1
|w 2016-04-24
|y BK15
|
| 952 |
|
|
|0 0
|1 0
|2 ddc
|4 0
|6 889_090000000000000_BEA
|7 0
|9 380653
|a LISP
|b LISP
|c DON
|d 2024-05-29
|e ΜΑΡ
|i 3660222
|l 0
|o 889.09 BEA
|p 025000311300
|r 2024-05-29 00:00:00
|t 2
|w 2024-05-29
|y BKN
|
| 998 |
|
|
|c ΜΑΝΙΑ
|d 2015-06
|
| 999 |
|
|
|c 111778
|d 111778
|